[Event "MITROPA Cup 2014 OPEN Section"]
[Site "Ruzomberok SLOVAKIA"]
[Date "2014.05.26"]
[Round "4"]
[Board "1"]
[White "Brunello, Sabino"]
[Black "Demuth, Adrien"]
[Result "1/2-1/2"]
[WhiteElo "2582"]
[BlackElo "2476"]
[PlyCount "0"]
[EventDate "2014.05.23"]
[EventType "team"]
[EventRounds "9"]
[EventCountry "SVK"]
[WhiteTeam "Italy"]
[BlackTeam "France"]

1. d4 {[%clk 1:30:58]} d5 {[%clk 1:28:13]} 2. c4 {[%clk 1:31:19]} c6
{[%clk 1:28:39]} 3. Nf3 {[%clk 1:31:32]} Nf6 {[%clk 1:29:03]} 4. Nc3
{[%clk 1:31:54]} dxc4 {[%clk 1:29:28]} 5. a4 {[%clk 1:32:19]} Bf5
{[%clk 1:29:47]} 6. Ne5 {[%clk 1:32:43]} Nbd7 {[%clk 1:30:01]} 7. Nxc4
{[%clk 1:33:06]} Nb6 {[%clk 1:30:24]} 8. Ne5 {[%clk 1:33:31]} a5 {[%clk 1:30:50]}
9. Bg5 {[%clk 1:33:55]} g6 {[%clk 1:30:40]} 10. e3 {[%clk 1:29:29]} Bg7
{[%clk 1:31:05]} 11. Bd3 {[%clk 1:27:57]} Be6 {[%clk 1:31:28]} 12. O-O
{[%clk 1:20:31]} Nfd5 {[%clk 1:27:43]} 13. Nf3 {[%clk 1:19:28]} Nb4
{[%clk 1:26:30]} 14. Be2 {[%clk 1:18:03]} O-O {[%clk 1:26:52]} 15. h3
{[%clk 1:12:20]} h6 {[%clk 1:13:12]} 16. Bh4 {[%clk 1:08:27]} Re8
{[%clk 1:09:36]} 17. Re1 {[%clk 0:46:29]} Nc4 {[%clk 0:58:52]} 18. Qc1
{[%clk 0:41:50]} Nd6 {[%clk 0:55:11]} 19. Bg3 {[%clk 0:38:02]} Bf5
{[%clk 0:52:48]} 20. Rd1 {[%clk 0:38:07]} Nc2 {[%clk 0:33:08]} 21. Ra2
{[%clk 0:36:38]} Nb4 {[%clk 0:33:30]} 22. Ra3 {[%clk 0:36:24]} Rc8
{[%clk 0:27:36]} 23. Nh4 {[%clk 0:29:30]} Be6 {[%clk 0:19:24]} 24. e4
{[%clk 0:27:55]} Qb6 {[%clk 0:16:07]} 25. Nf3 {[%clk 0:26:25]} Nc4
{[%clk 0:14:59]} 26. Ra1 {[%clk 0:26:12]} Red8 {[%clk 0:15:19]} 27. b3
{[%clk 0:20:20]} Nd6 {[%clk 0:14:22]} 28. Rb1 {[%clk 0:20:37]} f5
{[%clk 0:11:24]} 29. exf5 {[%clk 0:12:47]} Bxf5 {[%clk 0:10:05]} 30. Rb2
{[%clk 0:13:05]} c5 {[%clk 0:09:20]} 31. d5 {[%clk 0:11:08]} c4 {[%clk 0:09:39]}
32. Bxd6 {[%clk 0:07:51]} Nd3 {[%clk 0:03:42]} 33. Bxd3 {[%clk 0:03:25]} cxd3
{[%clk 0:04:08]} 34. Be5 {[%clk 0:03:55]} Qb4 {[%clk 0:04:25]} 35. Bxg7
{[%clk 0:04:08]} Kxg7 {[%clk 0:04:47]} 36. Qe3 {[%clk 0:04:19]} Qxc3
{[%clk 0:03:54]} 37. Rbd2 {[%clk 0:02:07]} Qc5 {[%clk 0:03:58]} 38. Nd4
{[%clk 0:01:45]} Rxd5 {[%clk 0:03:09]} 39. Rxd3 {[%clk 0:01:53]} Re5
{[%clk 0:02:00]} 40. Nxf5+ {[%clk 0:01:05]} Rxf5 {[%clk 0:02:03]} 41. Qxc5
{[%clk 0:00:33]} Rfxc5 {[%clk 0:00:35]} 42. Rd7 {[%clk 0:25:21]} R8c7
{[%clk 0:29:41]} 43. R1d5 {[%clk 0:25:17]} Rc1+ {[%clk 0:26:55]} 44. Kh2
{[%clk 0:25:40]} b6 {[%clk 0:27:19]} 45. Rxc7 {[%clk 0:24:37]} Rxc7
{[%clk 0:27:39]} 46. Rb5 {[%clk 0:25:01]} Rc6 {[%clk 0:28:04]} 47. h4
{[%clk 0:23:40]} h5 {[%clk 0:20:56]} 48. Kg3 {[%clk 0:23:30]} Kf6
{[%clk 0:21:09]} 49. Kf4 {[%clk 0:22:26]} e6 {[%clk 0:16:48]} 50. f3
{[%clk 0:18:39]} Rd6 {[%clk 0:14:39]} 51. g4 {[%clk 0:05:25]} hxg4
{[%clk 0:14:50]} 52. fxg4 {[%clk 0:05:53]} Rd4+ {[%clk 0:10:37]} 53. Kf3
{[%clk 0:06:12]} Rd6 {[%clk 0:09:22]} 54. Ke4 {[%clk 0:06:28]} Rc6
{[%clk 0:09:02]} 55. Kf4 {[%clk 0:04:09]} Rd6 {[%clk 0:09:21]} 56. Ke4
{[%clk 0:04:29]} Rc6 {[%clk 0:09:50]} 57. h5 {[%clk 0:04:55]} g5 {[%clk 0:07:18]}
58. h6 {[%clk 0:04:33]} Rc3 {[%clk 0:07:10]} 59. Rxb6 {[%clk 0:01:29]} Rg3
{[%clk 0:07:21]} 60. Rb5 {[%clk 0:01:50]} Rxg4+ {[%clk 0:07:34]} 61. Kf3
{[%clk 0:02:05]} Rh4 {[%clk 0:05:09]} 62. Rxa5 {[%clk 0:01:29]} Rxh6
{[%clk 0:02:20]} 63. Rb5 {[%clk 0:01:58]} Rh2 {[%clk 0:01:50]} 64. a5
{[%clk 0:02:14]} e5 {[%clk 0:01:25]} 65. Rb8 {[%clk 0:02:13]} Kf5
{[%clk 0:00:51]} 66. Rf8+ {[%clk 0:02:27]} Ke6 {[%clk 0:01:20]} 67. b4
{[%clk 0:02:36]} Rh3+ {[%clk 0:01:45]} 68. Ke2 {[%clk 0:02:56]} Ra3
{[%clk 0:02:03]} 69. Ra8 {[%clk 0:02:57]} Kd6 {[%clk 0:01:18]} 70. b5
{[%clk 0:02:56]} Kc7 {[%clk 0:01:42]} 71. a6 {[%clk 0:02:51]} g4 {[%clk 0:00:47]}
72. Ra7+ {[%clk 0:02:29]} Kb8 {[%clk 0:01:04]} 73. Re7 {[%clk 0:02:32]} g3
{[%clk 0:00:53]} 74. Rxe5 {[%clk 0:02:23]} g2 {[%clk 0:00:53]} 75. Kf2
{[%clk 0:02:33]} Ra2+ {[%clk 0:01:16]} 76. Kg1 {[%clk 0:03:01]} Rb2
{[%clk 0:01:08]} 77. Rg5 {[%clk 0:03:25]} Ka7 {[%clk 0:01:10]} 78. Rg7+
{[%clk 0:0

[Event "MITROPA Cup 2014 OPEN Section"]
[Site "Ruzomberok SLOVAKIA"]
[Date "2014.05.28"]
[Round "6"]
[Board "3"]
[White "Hug, Werner"]
[Black "Biolek, Richard Jr."]
[Result "1/2-1/2"]
[WhiteElo "2474"]
[BlackElo "2418"]
[PlyCount "0"]
[EventDate "2014.05.23"]
[EventType "team"]
[EventRounds "9"]
[EventCountry "SVK"]
[WhiteTeam "Switzerland"]
[BlackTeam "Czech republic"]

{[%clk 1:30:47]} 3. Bg5 {[%clk 1:28:41]} Bg7 {[%clk 1:31:00]} 4. Nd2
{[%clk 1:28:00]} O-O {[%clk 1:31:23]} 5. Ngf3 {[%clk 1:25:38]} d6
{[%clk 1:31:35]} 6. e3 {[%clk 1:24:37]} Nbd7 {[%clk 1:31:27]} 7. Bc4
{[%clk 1:21:40]} c5 {[%clk 1:31:20]} 8. O-O {[%clk 1:20:35]} b6 {[%clk 1:30:37]}
9. Qe2 {[%clk 1:17:33]} Bb7 {[%clk 1:23:14]} 10. Ba6 {[%clk 1:12:11]} Qc8
{[%clk 1:21:52]} 11. Bxb7 {[%clk 1:11:56]} Qxb7 {[%clk 1:22:15]} 12. e4
{[%clk 1:04:43]} cxd4 {[%clk 1:04:49]} 13. cxd4 {[%clk 1:02:59]} e6
{[%clk 1:05:01]} 14. Rac1 {[%clk 0:54:07]} Rac8 {[%clk 0:58:51]} 15. h3
{[%clk 0:50:55]} Rxc1 {[%clk 0:57:58]} 16. Rxc1 {[%clk 0:51:18]} Rc8
{[%clk 0:58:25]} 17. Rxc8+ {[%clk 0:42:52]} Qxc8 {[%clk 0:58:54]} 18. Nf1
{[%clk 0:42:41]} Qc6 {[%clk 0:55:34]} 19. Ng3 {[%clk 0:42:59]} b5
{[%clk 0:49:09]} 20. b3 {[%clk 0:30:04]} a6 {[%clk 0:47:42]} 21. Qd3
{[%clk 0:28:50]} d5 {[%clk 0:43:41]} 22. e5 {[%clk 0:28:57]} Ne4 {[%clk 0:43:50]}
23. Ne2 {[%clk 0:25:31]} Nxg5 {[%clk 0:17:21]} 24. Nxg5 {[%clk 0:25:57]} Bh6
{[%clk 0:17:45]} 25. h4 {[%clk 0:21:11]} Nb8 {[%clk 0:15:48]} 26. Nf3 Qc7
{[%clk 0:14:33]} 27. g3 {[%clk 0:16:14]} Kf8 {[%clk 0:13:38]} 28. Kg2
{[%clk 0:13:47]} Ke8 {[%clk 0:13:12]} 29. h5 {[%clk 0:12:43]} Kd7
{[%clk 0:11:51]} 30. Nh2 {[%clk 0:12:58]} Bf8 {[%clk 0:09:39]} 31. Ng4
{[%clk 0:09:25]} Be7 {[%clk 0:10:05]} 32. Nh6 {[%clk 0:07:08]} Ke8
{[%clk 0:10:02]} 33. hxg6 {[%clk 0:06:22]} 1/2-1/2

[Event "MITROPA Cup 2014 OPEN Section"]
[Site "Ruzomberok SLOVAKIA"]
[Date "2014.05.29"]
[Round "7"]
[Board "2"]
[White "Loetscher, Roland"]
[Black "Heimann, Andreas"]
[Result "1/2-1/2"]
[WhiteElo "2418"]
[BlackElo "2524"]
[PlyCount "0"]
[EventDate "2014.05.23"]
[EventType "team"]
[EventRounds "9"]
[EventCountry "SVK"]
[WhiteTeam "Switzerland"]
[BlackTeam "Germany"]

1. d4 {[%clk 1:30:57]} Nf6 {[%clk 1:30:55]} 2. c4 {[%clk 1:31:20]} e6
{[%clk 1:31:17]} 3. g3 {[%clk 1:31:43]} c5 {[%clk 1:31:39]} 4. dxc5
{[%clk 1:32:07]} Bxc5 {[%clk 1:29:14]} 5. Bg2 {[%clk 1:32:31]} Nc6
{[%clk 1:24:55]} 6. Nf3 {[%clk 1:32:53]} O-O {[%clk 1:23:51]} 7. O-O
{[%clk 1:33:15]} d5 {[%clk 1:22:55]} 8. cxd5 {[%clk 1:33:36]} exd5
{[%clk 1:23:12]} 9. Bg5 {[%clk 1:33:53]} Be6 {[%clk 1:07:49]} 10. Qc2
{[%clk 1:33:19]} Be7 {[%clk 1:05:04]} 11. Nc3 {[%clk 1:32:58]} h6
{[%clk 0:52:38]} 12. Bf4 {[%clk 1:31:53]} Qb6 {[%clk 0:46:28]} 13. Na4
{[%clk 0:58:40]} Qb5 {[%clk 0:46:28]} 14. Nc3 {[%clk 0:56:33]} Qb6
{[%clk 0:46:51]} 15. Na4 {[%clk 0:56:32]} Qb5 {[%clk 0:30:18]} 16. Nc3
{[%clk 0:54:33]} Qc4 {[%clk 0:27:42]} 17. Rfc1 {[%clk 0:38:39]} d4
{[%clk 0:24:12]} 18. Ne4 {[%clk 0:37:22]} Qxc2 {[%clk 0:23:01]} 19. Nxf6+
{[%clk 0:37:46]} Bxf6 {[%clk 0:23:27]} 20. Rxc2 {[%clk 0:38:08]} Rad8
{[%clk 0:09:24]} 21. Ne1 {[%clk 0:32:33]} Rfe8 {[%clk 0:08:48]} 22. Nd3
{[%clk 0:23:37]} Bf5 {[%clk 0:09:13]} 23. Rd1 {[%clk 0:17:03]} Re7
{[%clk 0:08:12]} 24. Kf1 {[%clk 0:15:17]} Ne5 {[%clk 0:04:10]} 25. Bxe5
{[%clk 0:14:25]} Bxe5 {[%clk 0:04:27]} 26. Rc5 {[%clk 0:14:09]} Bxd3
{[%clk 0:04:26]} 27. Rxd3 {[%clk 0:14:13]} b6 {[%clk 0:04:52]} 28. Rc2
{[%clk 0:12:39]} Rdd7 {[%clk 0:04:09]} 29. Rc8+ {[%clk 0:11:11]} Kh7
{[%clk 0:04:35]} 30. Ke1 {[%clk 0:11:11]} Rc7 {[%clk 0:04:57]} 31. Rxc7
{[%clk 0:11:19]} Rxc7 {[%clk 0:05:22]} 32. Kd2 {[%clk 0:11:03]} g6
{[%clk 0:05:29]} 33. Rb3 {[%clk 0:09:59]} Rc5 {[%clk 0:05:08]} 34. Be4
{[%clk 0:09:23]} Ra5 {[%clk 0:04:55]} 35. a3 {[%clk 0:08:45]} Rc5
{[%clk 0:05:10]} 36. Rb4 {[%clk 0:06:36]} Kg7 {[%clk 0:04:43]} 37. Bb1
{[%clk 0:05:18]} Kf8 {[%clk 0:03:26]} 38. Ba2 {[%clk 0:05:02]} Ke7
{[%clk 0:03:08]} 39. Rb3 {[%clk 0:03:08]} h5 {[%clk 0:02:24]} 40. Rf3
{[%clk 0:01:54]} f5 {[%clk 0:02:34]} 41. Rb3 {[%clk 0:27:23]} Bf6
{[%clk 0:30:17]} 42. Rb4 {[%clk 0:24:52]} Kf8 {[%clk 0:27:42]} 43. Bb1
{[%clk 0:22:30]} Bg5+ {[%clk 0:27:17]} 44. f4 {[%clk 0:22:23]} Bf6
{[%clk 0:27:41]} 45. h4 {[%clk 0:18:23]} Kg7 {[%clk 0:27:34]} 46. Bd3
{[%clk 0:17:05]} Rc7 {[%clk 0:27:02]} 47. Rb5 {[%clk 0:16:34]} Rd7
{[%clk 0:20:28]} 48. Ke1 {[%clk 0:15:44]} Be7 {[%clk 0:20:48]} 49. Re5
{[%clk 0:15:32]} Rc7 {[%clk 0:20:17]} 50. Kd2 {[%clk 0:12:22]} Kf7
{[%clk 0:20:26]} 51. Rd5 {[%clk 0:06:14]} Bf6 {[%clk 0:20:35]} 52. Rb5
{[%clk 0:06:05]} Be7 {[%clk 0:17:15]} 53. Rb3 {[%clk 0:05:34]} Kg7
{[%clk 0:16:03]} 54. Ba6 {[%clk 0:05:30]} Rc5 {[%clk 0:13:43]} 55. Rb5
{[%clk 0:02:55]} Rxb5 {[%clk 0:07:47]} 56. Bxb5 {[%clk 0:03:18]} a5
{[%clk 0:07:53]} 57. Kd3 {[%clk 0:02:37]} Bc5 {[%clk 0:08:11]} 58. Be8
{[%clk 0:02:36]} Kf6 {[%clk 0:08:27]} 59. Bb5 Ke5 1/2-1/2

[Event "MITROPA Cup 2014 OPEN Section"]
[Site "Ruzomberok SLOVAKIA"]
[Date "2014.05.30"]
[Round "8"]
[Board "2"]
[White "Druska, Juraj"]
[Black "Diermair, Andreas"]
[Result "1/2-1/2"]
[WhiteElo "2364"]
[BlackElo "2451"]
[PlyCount "0"]
[EventDate "2014.05.23"]
[EventType "team"]
[EventRounds "9"]
[EventCountry "SVK"]
[WhiteTeam "Slovakia B"]
[BlackTeam "Austria"]

1. e4 {[%clk 1:30:49]} c6 {[%clk 1:30:42]} 2. d4 {[%clk 1:31:00]} d5
{[%clk 1:31:07]} 3. Nc3 {[%clk 1:31:27]} dxe4 {[%clk 1:31:14]} 4. Nxe4
{[%clk 1:31:51]} Bf5 {[%clk 1:31:21]} 5. Ng3 {[%clk 1:32:14]} Bg6
{[%clk 1:31:47]} 6. Nh3 {[%clk 1:32:35]} e6 {[%clk 1:28:05]} 7. Nf4
{[%clk 1:31:33]} Qh4 {[%clk 1:22:40]} 8. Be3 {[%clk 1:14:56]} Nd7
{[%clk 0:55:14]} 9. Qd2 {[%clk 1:01:43]} Be7 {[%clk 0:46:44]} 10. O-O-O
{[%clk 1:01:08]} Ngf6 {[%clk 0:37:40]} 11. Nxg6 {[%clk 0:52:32]} hxg6
{[%clk 0:37:57]} 12. Bg5 {[%clk 0:52:42]} Ne4 {[%clk 0:35:58]} 13. Nxe4
{[%clk 0:49:44]} Qxe4 {[%clk 0:36:23]} 14. Bxe7 {[%clk 0:50:07]} Kxe7
{[%clk 0:36:48]} 15. Be2 {[%clk 0:32:02]} a5 {[%clk 0:30:49]} 16. Bf3
{[%clk 0:31:54]} Qf5 {[%clk 0:30:49]} 17. Qe3 {[%clk 0:28:42]} Nf6
{[%clk 0:29:09]} 18. Qa3+ {[%clk 0:21:02]} Kd7 {[%clk 0:28:26]} 19. Rhe1
{[%clk 0:18:45]} Qf4+ {[%clk 0:27:47]} 20. Kb1 {[%clk 0:18:57]} Qd6
{[%clk 0:27:42]} 21. Qb3 {[%clk 0:17:22]} Kc7 {[%clk 0:23:50]} 22. c4
{[%clk 0:16:24]} Qb4 {[%clk 0:21:42]} 23. Qc2 {[%clk 0:13:21]} Qd6
{[%clk 0:16:12]} 24. d5 {[%clk 0:05:20]} exd5 {[%clk 0:16:27]} 25. cxd5
{[%clk 0:05:45]} c5 {[%clk 0:16:50]} 26. Re7+ {[%clk 0:01:50]} Qxe7
{[%clk 0:14:44]} 27. d6+ {[%clk 0:02:19]} Qxd6 {[%clk 0:15:11]} 28. Rxd6
{[%clk 0:02:44]} Kxd6 {[%clk 0:15:37]} 29. Qb3 {[%clk 0:03:01]} Rac8
{[%clk 0:12:31]} 30. Qxf7 {[%clk 0:02:45]} Rc7 {[%clk 0:12:34]} 31. Qxg6
{[%clk 0:03:07]} Re7 {[%clk 0:10:56]} 32. Qd3+ {[%clk 0:00:57]} Kc7
{[%clk 0:10:22]} 33. Qb5 {[%clk 0:01:16]} Kb8 {[%clk 0:10:35]} 34. Qxa5
{[%clk 0:01:02]} Rc7 {[%clk 0:09:33]} 35. h3 {[%clk 0:01:11]} Rf8
{[%clk 0:08:45]} 36. a4 {[%clk 0:00:54]} Nd7 {[%clk 0:08:59]} 37. Qc3
{[%clk 0:01:20]} Rf6 {[%clk 0:07:28]} 38. Qe3 {[%clk 0:01:18]} Nb6
{[%clk 0:06:22]} 39. Qe8+ {[%clk 0:01:41]} Nc8 {[%clk 0:05:51]} 40. Qe5
{[%clk 0:01:57]} Nd6 {[%clk 0:05:36]} 41. Bd5 {[%clk 0:25:23]} Nf5
{[%clk 0:29:45]} 42. f4 {[%clk 0:23:00]} Ne7 {[%clk 0:29:19]} 43. Bf3
{[%clk 0:16:46]} Ng6 {[%clk 0:26:02]} 44. Qe8+ {[%clk 0:16:35]} Rc8
{[%clk 0:25:04]} 45. Qb5 {[%clk 0:16:38]} Rc7 {[%clk 0:25:06]} 46. g3
{[%clk 0:16:57]} Rd6 {[%clk 0:24:10]} 47. Qe8+ {[%clk 0:10:13]} Ka7
{[%clk 0:23:25]} 48. Qe4 {[%clk 0:10:41]} Re7 {[%clk 0:20:22]} 49. Qc4
{[%clk 0:11:00]} Rc7 {[%clk 0:20:39]} 50. Qc3 {[%clk 0:10:24]} Rd4
{[%clk 0:20:11]} 51. Qa5+ {[%clk 0:07:56]} Kb8 {[%clk 0:20:39]} 52. Qb5
{[%clk 0:06:53]} Ne7 {[%clk 0:20:06]} 53. a5 {[%clk 0:07:02]} Rd6
{[%clk 0:16:25]} 54. g4 {[%clk 0:05:52]} Nc8 {[%clk 0:12:58]} 55. f5
{[%clk 0:06:02]} Rd4 {[%clk 0:12:24]} 56. a6 {[%clk 0:05:29]} Rb4
{[%clk 0:12:49]} 57. Qe2 {[%clk 0:04:24]} bxa6 {[%clk 0:11:57]} 58. Qxa6
{[%clk 0:03:36]} Nb6 {[%clk 0:12:09]} 59. Qe2 {[%clk 0:01:10]} Nc4
{[%clk 0:10:00]} 60. Kc1 {[%clk 0:01:30]} Nxb2 {[%clk 0:08:04]} 61. Qe8+
{[%clk 0:01:37]} Rc8 {[%clk 0:08:06]} 62. Qe5+ {[%clk 0:02:06]} Rc7
{[%clk 0:07:54]} 63. Qd5 {[%clk 0:02:20]} Rc8 {[%clk 0:07:05]} 64. Qa8+
{[%clk 0:02:36]} Kc7 {[%clk 0:07:34]} 65. Qa7+ {[%clk 0:02:37]} Kd6
{[%clk 0:07:11]} 66. Qa6+ {[%clk 0:03:00]} Kd7 {[%clk 0:06:33]} 67. Bd5
{[%clk 0:01:50]} Rc7 {[%clk 0:04:42]} 68. Qe6+ {[%clk 0:02:19]} Kd8
{[%clk 0:05:11]} 69. Qg8+ {[%clk 0:02:03]} Kd7 {[%clk 0:04:56]} 70. Qf7+
{[%clk 0:02:32]} Kd8 {[%clk 0:05:16]} 71. Qf8+ {[%clk 0:02:58]} Kd7
{[%clk 0:05:42]} 72. Qxg7+ {[%clk 0:01:20]} Kd6 {[%clk 0:05:54]} 73. Qf6+
{[%clk 0:01:26]} Kxd5 {[%clk 0:04:54]} 74. Qe6+ {[%clk 0:01:53]} Kd4
{[%clk 0:05:22]} 75. Qd6+ {[%clk 0:02:20]} Kc3 {[%clk 0:05:35]} 76. Qxc7
{[%clk 0:02:44]} Nd3+ {[%clk 0:05:49]} 77. Kd1 {[%clk 0:03:13]} Rb2
{[%